000 00696nam a2200265Ia 4500
005 20260302113921.0
008 008 260114s9999 xx 000 0 eng d
020 _a9780761875222
037 _aTextbook
040 _aCRL
040 _beng
040 _cCRL
041 _2eng
041 _aeng
084 _qCRL
100 _aAshraf Esmail, Lisa A. Eargle & Brandon Hamann
_91117204
245 0 _aTerrorism Inside America's Borders
260 _bBloomsbury
260 _bHamilton Books
260 _c2021
650 _aPolitics
856 _uhttps://doi.org/10.5040/9780761875222?locatt=label:secondary_bloomsburyCollections
942 _cEBOOK
999 _c1680696
_d1680696